000 00294nam a22001337a 4500
008 170704b xxu||||| |||| 00| 0 eng d
020 _a0395973503
041 _aeng
080 _a82
100 _a22
101 _aGJL
245 _aTHE LANGUAGE OF LITERATURE
_cAPPLEBEE,A.N
942 _2udc
_cBK
999 _c19920
_d19920